[Event "Hessen-ch Gr-E"]
[Site "Idstein"]
[Date "2009.04.11"]
[Round "4"]
[White "Babel, Dirk"]
[Black "Aurin, Werner"]
[Result "1-0"]
[WhiteElo "1444"]
[BlackElo "1480"]
[PlyCount "35"]
[EventDate "2009.04.10"]
[EventType "swiss"]
[EventRounds "5"]
[EventCountry "GER"]
[SourceTitle "EXT 2010"]
[Source "ChessBase"]
[SourceDate "2010.11.25"]
[SourceVersion "1"]
[SourceVersionDate "2010.11.25"]
[SourceQuality "1"]

1. e4 d5 2. exd5 Qxd5 3. Nc3 Qa5 4. Bc4 Nf6 5. Nf3 c6 6. 0-0 Bg4 7. d4 Qc7 8. d5 Nbd7 9. dxc6 Ne5 10. Nxe5 Bxd1 11. Bxf7+ Kd8 12. Rxd1+ Kc8 13. Be6+ Kb8 14. Bf4 bxc6 15. Nd7+ Kb7 16. Nc5+ Kb6 17. N3a4+ Kb5 18. c4+ 1-0